000 00641nam a2200193 i 4500
001 28502
003 ES-MaACL
005 20230906153851.0
007 t|
008 030117s1971 sp ||||1| spa d
100 1 _aBaez San José, Valerio.
_924611
245 1 3 _aLa estilística de Dámaso Alonso /
_cValerio Baez San José.
260 _aSevilla :
_bUniversidad,
_c1971.
300 _a112 p. ;
_c19 cm.
490 1 _aAnales Universidad Hispalense. Serie Filosofía y Letras ;
_v9
830 0 _aAnales Universidad Hispalense. Serie Filosofía y Letras ;
_v9
_9181191
852 _aES-MaACL
_jC-45321
_bR.79455
999 _c28502
_d28502